Bilecik Bilecik Bilecik Bilecik Bilecik

Discrete-time and computer control systems/ (Record no. 69731)

MARC details
000 -BAŞLIK
Sabit Uzunluktaki Kontrol Alanı 01136nam a22003377a 4500
001 - KONTROL NUMARASI
Control Dosyası 0068983
003 - KONTROL NUMARASI KİMLİĞİ
Kontrol Alanı KOHA_MİRAKIL
005 - EN SON İŞLEM TARİHİ ve ZAMANI
Kontrol Alanı 20260207004826.0
007 - FİZİKSEL TANIM SABİT ALAN - GENEL BİLGİ
Sabit uzunluklu kontrol alanı ta
008 - SABİT UZUNLUKTAKİ VERİ ÖGELERİ - GENEL BİLGİ
Sabit Alan 230607b1970 tu |||gr||||#0|||0|eng |
020 ## - ISBN - ULUSLARARASI STANDART KİTAP NUMARASI
Isbn 132160366
040 ## - KATALOGLAMA KAYNAĞI
Özgün Kataloglama Kurumu TR-BiSEU
Kataloglama Dili tur
Çeviri Kurumu TR-BiSEU
Açıklama Kuralları rda
041 0# - DİL KODU
Metin ya da ses kaydının dil kodu eng
044 ## - YAYINLAYAN/ÜRETEN KURULUŞUN ÜLKE KODU
ISO country code tu
050 ## - SINIFLAMA ve YER NUMARASI
Sınıflama Numarası QA76.87
Yer Numarası .A43 1970
245 1# - ESER ADI BİLDİRİMİ
Başlık Discrete-time and computer control systems/
Sorumluluk Bildirimi James A. Cadzow, Hinrich R. Martens; Editor Franklin F. Kuo.
264 #1 - ÜRERİM, YAYIN, DAĞITIM ve TELİF BİLDİRİMİ
Yayın yeri New Jersey :
Yayınlayan Prentice Hall
Yayın tarihi 1970
300 ## - FİZİKSEL TANIMLAMA
Sayfa, Cilt vb. XVI, 473 pages; 24 cm.
336 ## - İÇERİK TÜRÜ
Content type term metin
Content type code txt
Source rdacontent
337 ## - MEDYA TÜRÜ
Media type term aracısız
Media type code n
Source rdamedia
338 ## - TAŞIYICI TÜRÜ
Carrier type term cilt
Carrier type code nc
Source rdacarrier
490 0# - DİZİ BİLDİRİMİ
Dizi Bildirimi Computer applications in electrical engineering series.
490 0# - DİZİ BİLDİRİMİ
Dizi Bildirimi Electrical engineering series
500 ## - GENEL NOT
Genel Not Includes index.
650 #0 - KONU BAŞLIĞI EK GİRİŞ - KONU TERİMİ
Konusal terim veya coğrafi ad Control system--Computer.
9 (RLIN) 133360
650 #0 - KONU BAŞLIĞI EK GİRİŞ - KONU TERİMİ
Konusal terim veya coğrafi ad Kontrol sistemi--Bilgisayar.
9 (RLIN) 133361
830 0# - SERİ EK GİRİŞİ - TEKBİÇİM ESER ADI
Tekbiçim Başlık Computer applications in electrical engineering series.
9 (RLIN) 133362
830 0# - SERİ EK GİRİŞİ - TEKBİÇİM ESER ADI
Tekbiçim Başlık Electrical engineering series
9 (RLIN) 133363
907 ## - LOCAL DATA ELEMENT G, LDG (RLIN)
a Elektrik ve Elektronik Mühendisliği
942 ## - EK GİRİŞ ÖGELERİ (KOHA)
Source of classification or shelving scheme Library of Congress Classification
Koha item type Book
Holdings
Materyal Türü Kalıcı Konum Mevcut Konum Raf Yeri Sınıflandırma Kaynağı Edinim Bilgisi Ana Konular Alt Konular Yer Numarası Demirbaş Numarası Fatura Tarihi Geri Çekilme Durumu Kayıp Durumu Hasarlı Durumu Kredi için değil Kayıt Tarih Toplam Ödünçverme Son Görülme Tarihi Son Kontrol Tarihi Genel / Bağış Notu
Book Prof. Dr. Azmi Özcan Kütüphanesi Prof. Dr. Azmi Özcan Kütüphanesi Birûni Salonu Library of Congress Classification Bağış BİLİM Matematik QA76.87 .A43 1970 0068983 02/02/2026         07/06/2023   17/03/2025 17/03/2025 Orhan TUNÇÖZ